000 00407 a2200157 4500
001 167315
020 _a
040 _cMagnum
100 _aToledo, Marilia
240 1 0 _aDidatica de matematica: como dois e dois: a construcao da matematica
_lpor
245 1 0 _aDidatica de matematica: como dois e dois: a construcao da matematica
362 0 _a1899
440 1 _aFTD
697 _aENSINO
942 _cBK
999 _c167315
_d167315